Investície v Slovenskej republike v roku 1992

Salvato in:
Dettagli Bibliografici
Natura: Libro
Lingua:slovacco
Pubblicazione: Bratislava Štatistický úrad SR 1993
Soggetti:
Tags: Aggiungi Tag
Nessun Tag, puoi essere il primo ad aggiungerne!!

MARC

LEADER 00000nam a2200000 4500
001 c003615
005 20251201134605.9
041 0 |a slo 
044 |a SK 
245 1 0 |a Investície v Slovenskej republike v roku 1992 
264 1 |a Bratislava  |b Štatistický úrad SR  |c 1993 
300 |a 7 s. 
610 2 0 |a Slovensko 
610 2 0 |a investície